000 00697nam a2200241Ia 4500
003 OSt
005 20220927105552.0
006 a|||||r|||| 00| 0
007 ta
008 220926b |||||||| |||| 00| 0 eng d
024 _a184324
037 _cReference Collections
040 _aRTL
_cRTL
_beng
041 _2eng
_aeng
082 _a"X:7.N73, L3"
100 _aJAFFEE Jeffrey F
_9373410
245 0 _aValue of the firm under regulation.
260 _aChicago
_bUniversity of Chicago
_c1973
300 _av.p.
_ccm.
700 _a MANDELKER Gershon
_9373411
942 _h"X:7.N73, L3"
_cCC
999 _c693172
_d693172